01010nam a2200145 4500020001800000082002000018245008300038260003300121300001600154520057500170650004300745650002900788650002300817700002400840 a9781138542600 a304.80954bIND-00bforced migration /aIndia migration report 2017 :cedited by S. Irudaya Rajan. bRoutledge,c2018aNew York : axxiv, 324p. aThe India Migration Report 2017 examines forced migration caused by political conflicts, climate change, disasters (natural and man-made) and development projects. India accounts for large numbers of internally displaced people in the world. Apart from conflicts and disasters, over the years development projects (including urban redevelopment and beautification), often justified as serving the interests of the people and for public good, have caused massive displacements in different parts of the country, disrupting the lives and livelihoods of millions of people. aEmigration and immigration lawzIndia  aForced migrationzIndia  aImmigrantszIndia  aRajan, S. Irudaya